[Event "ICS Rated bullet match"]
[Site "207.99.83.227"]
[Date "1999.04.29"]
[Round "?"]
[White "Hossa"]
[Black "JSBach"]
[Result "1-0"]
[WhiteElo "2453"]
[BlackElo "2132"]
[PlyCount "209"]

1. Nf3 d5 2. c4 Nf6 3. cxd5 Qxd5 4. Nc3 Qd6 5. d4 Bf5 6. e3 Nd5 7. Nxd5 Qxd5 8.
Be2 Nc6 9. O-O e6 10. Nh4 Bd6 11. Nxf5 Qxf5 12. Bg4 Qd5 13. Bf3 Qb5 14. a4 Qc4
15. b3 Qa6 16. Be2 Qb6 17. Bd2 a5 18. Bd3 O-O 19. Qh5 g6 20. Qb5 Qxb5 21. Bxb5
Nb4 22. Rad1 c6 23. Bc4 Nc2 24. Kh1 Kh8 25. e4 Bc7 26. Bh6 Rfd8 27. Bg5 Rd6 28.
Bf6+ Kg8 29. Rd2 Na3 30. Be2 Rd7 31. Ra2 Bd6 32. Rfa1 Rf8 33. Rxa3 Bxa3 34.
Rxa3 h5 35. Bc4 Re8 36. Ra1 Rd6 37. Rg1 Kh7 38. f4 Rd7 39. h4 Rd6 40. Kh2 Kh6
41. Kg3 Rg8 42. Kh3 Rd7 43. Kh2 Rf8 44. g3 Re8 45. Kg2 Ra8 46. Kh3 b6 47. Kh2
Re8 48. Kg2 Rc8 49. Kf3 Re8 50. Rg2 Rd6 51. Kf2 Kh7 52. Be5 Rd7 53. Kg1 Rf8 54.
Bf6 Kh6 55. Kh2 Rc8 56. Kh3 Rb8 57. g4 hxg4+ 58. Rxg4 Kh7 59. Kg3 Rf8 60. Rg5
Kh6 61. Bd3 Rc8 62. Bc2 Rd6 63. Kg4 Rg8 64. Bb1 Rd7 65. Bd3 Rd6 66. Bc4 Rd7 67.
Kh3 Rc8 68. Kh2 Rdc7 69. Kg3 Re8 70. Bd3 Rb7 71. Kg4 Rg8 72. h5 gxh5+ 73. Kh4
Rxg5 74. fxg5+ Kh7 75. d5 cxd5 76. exd5+ Kg8 77. dxe6 fxe6 78. g6 Rd7 79. Bc4
Kf8 80. Bxe6 Rc7 81. Kxh5 Ra7 82. Kh6 Rb7 83. Bd5 Rc7 84. g7+ Rxg7 85. Bxg7+
Ke7 86. Bd4 Kd6 87. Bxb6 Kxd5 88. Kg6 Ke5 89. Kf7 Kd6 90. Ke8 Ke6 91. Bxa5 Kd6
92. Bc7+ Kxc7 93. a5 Kb7 94. b4 Ka6 95. Kd7 Kb5 96. Kd6 Ka6 97. Kc6 Ka7 98. b5
Kb8 99. a6 Ka7 100. b6+ Kxa6 101. b7 Ka7 102. Kc7 Ka6 103. b8=Q Ka5 104. Qb3
Ka6 105. Qb6# {JSBach checkmated} 1-0

[Event "ICS Rated blitz match"]
[Site "207.99.83.227"]
[Date "1999.04.29"]
[Round "?"]
[White "JudgeTurpin"]
[Black "Hossa"]
[Result "1-0"]
[WhiteElo "2647"]
[BlackElo "2520"]
[PlyCount "113"]

1. d4 e6 2. e4 d5 3. Nd2 dxe4 4. Nxe4 Nf6 5. Nxf6+ Qxf6 6. Nf3 Qd8 7. Bd3 Be7
8. Bf4 O-O 9. c3 Nd7 10. O-O Bd6 11. Bg5 Be7 12. Be3 Nf6 13. Ne5 c5 14. Re1
cxd4 15. Bxd4 Qa5 16. Qc2 Rd8 17. Nc4 Qh5 18. Re3 h6 19. Re5 Qh4 20. f3 Nd7 21.
g3 Qh3 22. Ra5 Bg5 23. Bf1 Qh5 24. f4 b5 25. Be2 Qh3 26. Ne3 Bxf4 27. gxf4 Nf6
28. Bf1 Qh4 29. Bg2 Rb8 30. Bxa7 Qxf4 31. Bxb8 Qxe3+ 32. Qf2 Qxf2+ 33. Kxf2
Rd2+ 34. Kg1 Rxb2 35. Rd1 Bd7 36. Be5 Ng4 37. Bf4 Nf6 38. Ra8+ Kh7 39. Rd8 Rxa2
40. R1xd7 Nxd7 41. Rxd7 Kg6 42. Bc6 Rb2 43. Bd6 Rb1+ 44. Kf2 Rb2+ 45. Ke3 f6
46. Re7 e5 47. Be4+ f5 48. Re6+ Kg5 49. Be7+ Kg4 50. Rg6+ Kh5 51. Bxf5 Rb3 52.
Rxg7 Rxc3+ 53. Kd2 Rc4 54. Rg3 Rd4+ 55. Ke3 Rg4 56. Rh3+ Rh4 57. Rxh4# {
Hossa checkmated} 1-0

[Event "ICS Rated blitz match"]
[Site "207.99.83.227"]
[Date "1999.04.29"]
[Round "?"]
[White "Hossa"]
[Black "JudgeTurpin"]
[Result "0-1"]
[WhiteElo "2510"]
[BlackElo "2657"]
[PlyCount "115"]

1. Nf3 d5 2. d4 Nf6 3. Bf4 e6 4. e3 c5 5. Nc3 cxd4 6. Bb5+ Bd7 7. Qxd4 Bxb5 8.
Nxb5 Qa5+ 9. Nc3 Ne4 10. a3 Nc6 11. Qa4 Nxc3 12. Qxa5 Nxa5 13. bxc3 Rc8 14. Be5
Nc4 15. Bd4 Nxa3 16. O-O a6 17. Bxg7 Bxg7 18. Rxa3 Rxc3 19. Ra2 Ke7 20. Rb1 Rc7
21. Rb3 Rd8 22. h4 e5 23. Rab2 b5 24. Ra2 Rd6 25. Ng5 h6 26. Nf3 e4 27. Nd2 Rc5
28. Rb1 Rdc6 29. Rc1 Bc3 30. Nb1 Bb4 31. Kh2 a5 32. g4 a4 33. Rb2 Rc4 34. Kh3
Bd6 35. g5 hxg5 36. hxg5 Ke6 37. Rxb5 Rxc2 38. Rxc2 Rxc2 39. Ra5 Rxf2 40. Kg4
a3 41. Ra6 Rg2+ 42. Kh3 Rg3+ 43. Kh4 Rxe3 44. Nd2 Rd3 45. Nf1 e3 46. Ng3 Rd2
47. Ra8 a2 48. Kh3 Rf2 49. Re8+ Kd7 50. Ra8 d4 51. Ra7+ Ke6 52. g6 Rf3 53. gxf7
e2 54. Kg2 e1=Q 55. Kxf3 Qxg3+ 56. Ke2 d3+ 57. Kf1 Bc5 58. f8=N+ {Hossa resigns
} 0-1

[Event "ICS Rated blitz match"]
[Site "207.99.83.227"]
[Date "1999.04.29"]
[Round "?"]
[White "JudgeTurpin"]
[Black "Hossa"]
[Result "1-0"]
[WhiteElo "2667"]
[BlackElo "2500"]
[PlyCount "143"]

1. d4 Nf6 2. c4 e6 3. Nf3 d5 4. Nc3 Bb4 5. e3 O-O 6. Bd3 dxc4 7. Bxc4 Ne4 8.
Qc2 Ng5 9. Ne5 f6 10. h4 Nf7 11. Nxf7 Rxf7 12. a3 Be7 13. d5 Qd6 14. Nb5 Qb6
15. dxe6 Rf8 16. Bd3 Nc6 17. Bxh7+ Kh8 18. Bd3 a6 19. Qe2 f5 20. Nc3 Bxe6 21.
g3 Rad8 22. O-O Rf6 23. e4 Qd4 24. Bc2 fxe4 25. Qh5+ Kg8 26. Nxe4 Rf5 27. Ng5
Bxg5 28. Bxf5 Bxf5 29. Qxg5 Bh3 30. Re1 Rf8 31. Qe3 Qd5 32. Qe4 Qb5 33. Kh2 Bd7
34. Qe3 Qd5 35. f4 Bg4 36. Qe4 Qh5 37. Be3 Rf6 38. Qd3 Re6 39. Bf2 Kh8 40. Rxe6
Bxe6 41. Re1 Bg4 42. Kg2 Bf5 43. Qe2 Qxe2 44. Rxe2 Bg4 45. Re8+ Kh7 46. Bc5 a5
47. Be3 Kg6 48. Rh8 Ne7 49. Rb8 b6 50. Rb7 Nd5 51. Bd4 Bd7 52. Kf2 a4 53. Be5
b5 54. Bxc7 Bc6 55. Rb8 Nxc7 56. Rc8 Bd5 57. Rxc7 Kh7 58. f5 Kg8 59. Ke3 Bg2
60. Kd4 Bf1 61. Ke5 Kf8 62. g4 Be2 63. g5 b4 64. axb4 Bb5 65. g6 Ba6 66. f6
gxf6+ 67. Kxf6 Ke8 68. g7 Kd8 69. Rf7 Bb5 70. g8=Q+ Be8 71. Re7 a3 72. Qxe8# {
Hossa checkmated} 1-0

[Event "ICS Rated blitz match"]
[Site "207.99.83.227"]
[Date "1999.04.29"]
[Round "?"]
[White "Hossa"]
[Black "JudgeTurpin"]
[Result "1-0"]
[WhiteElo "2491"]
[BlackElo "2676"]
[PlyCount "135"]

1. d4 d5 2. Nf3 Nf6 3. Bf4 Bf5 4. e3 c6 5. Be2 e6 6. O-O Qb6 7. b3 Ne4 8. Nh4
Bb4 9. Nxf5 exf5 10. Qd3 g5 11. Be5 f6 12. Bxb8 Rxb8 13. Bh5+ Ke7 14. c3 Bd6
15. f3 Qc7 16. fxe4 fxe4 17. Qe2 Bxh2+ 18. Kh1 Qg3 19. c4 Qh4 20. Qg4 Qxg4 21.
Bxg4 Bg3 22. Nc3 h5 23. Bf5 Rbd8 24. Rac1 Rhf8 25. a4 a6 26. Kg1 h4 27. Ne2 Bd6
28. cxd5 cxd5 29. Rc2 a5 30. Nc3 Bb8 31. Nb5 Rg8 32. Rc5 Bd6 33. Nxd6 Kxd6 34.
Bg4 Ke7 35. Rc7+ Kd6 36. Rxb7 Rgf8 37. Ra7 f5 38. Bxf5 Rf6 39. Rxa5 Rdf8 40.
Ra6+ Kc7 41. Rxf6 Rxf6 42. b4 Ra6 43. Ra1 Rc6 44. a5 Rf6 45. Bg4 Kc6 46. a6 Rf8
47. Ra5 Kd6 48. Rc5 Re8 49. Bc8 Re7 50. Bb7 h3 51. gxh3 Re8 52. Rxd5+ Kc7 53.
Rxg5 Re7 54. Rb5 Re8 55. a7 Rg8+ 56. Kh2 Rf8 57. Bxe4 Kd7 58. a8=Q Rxa8 59.
Bxa8 Ke6 60. Kg3 Kf6 61. Kf4 Ke7 62. Kf5 Kf7 63. Re5 Kg7 64. Re7+ Kf8 65. Kf6
Kg8 66. Re8+ Kh7 67. Be4+ Kh6 68. Rh8# {JudgeTurpin checkmated} 1-0

[Event "ICS Rated blitz match"]
[Site "207.99.83.227"]
[Date "1999.04.29"]
[Round "?"]
[White "JudgeTurpin"]
[Black "Hossa"]
[Result "1-0"]
[WhiteElo "2652"]
[BlackElo "2515"]
[PlyCount "74"]

1. Nf3 d5 2. c4 dxc4 3. e3 b5 4. b3 cxb3 5. axb3 c6 6. Ne5 Nf6 7. Qc2 Ng4 8.
Nxc6 Nxc6 9. Qxc6+ Bd7 10. Bxb5 Nf6 11. Qa6 e5 12. Bb2 Qc7 13. Nc3 Bb4 14. Qa4
Bd6 15. Ne4 Nxe4 16. Qxe4 Rd8 17. Bc4 Bc6 18. Qg4 O-O 19. O-O g6 20. d4 exd4
21. g3 Be7 22. exd4 Bd7 23. Qf3 Bh3 24. Rfe1 Bb4 25. g4 Bxe1 26. Rxe1 Qa5 27.
Re7 Qd2 28. Bxf7+ Kg7 29. Bxg6+ Kg8 30. Bf7+ Kg7 31. Bc4+ Kh8 32. Qxh3 Qxf2+
33. Kh1 Rf7 34. Rxf7 Qe1+ 35. Rf1 Qe4+ 36. Kg1 Rc8 37. Be6 37... Qe2 {
Hossa resigns} 1-0

[Event "ICS Rated blitz match"]
[Site "207.99.83.227"]
[Date "1999.04.29"]
[Round "?"]
[White "Hossa"]
[Black "JudgeTurpin"]
[Result "1/2-1/2"]
[WhiteElo "2505"]
[BlackElo "2662"]
[PlyCount "259"]

1. Nf3 d5 2. c4 c6 3. cxd5 cxd5 4. e3 e6 5. Bb5+ Bd7 6. Nc3 Bxb5 7. Nxb5 a6 8.
Nc3 Nc6 9. O-O d4 10. exd4 Nf6 11. Qb3 b5 12. a4 b4 13. Ne2 Na5 14. Qe3 Nd5 15.
Qe4 Ra7 16. Nf4 Nxf4 17. Qxf4 Nb3 18. Rb1 Rb7 19. Qe3 Qd5 20. Qd3 Rb6 21. Re1
Bd6 22. Re3 Na5 23. Ne5 b3 24. Qe4 Qxe4 25. Rxe4 Rb4 26. Ra1 Bxe5 27. Rxe5 Nc6
28. Rc5 Ne7 29. Rc7 Rg8 30. Ra7 Nc6 31. Rxa6 Kd7 32. Kf1 Kc7 33. d3 Kb7 34.
Rxc6 Kxc6 35. Be3 Rd8 36. a5 Ra8 37. Ra3 Rb5 38. Bd2 Kd5 39. Bc3 f5 40. Ra1 Rc8
41. Re1 Rb7 42. h4 h6 43. h5 Rc6 44. f4 Kd6 45. Kg1 Ra6 46. Re5 Ra8 47. d5 exd5
48. Rxf5 Rc8 49. Bd4 Re7 50. Re5 Rf7 51. Re1 Ra8 52. Ra1 Rxf4 53. Bxg7 Rg8 54.
Bxh6 Rfg4 55. Bc1 Rxg2+ 56. Kf1 Ke5 57. a6 Rh2 58. h6 Kd4 59. a7 Ra8 60. Kg1
Rc2 61. Bg5 Rc7 62. Re1 Kxd3 63. Rd1+ Ke4 64. Re1+ Kf5 65. Be3 Rc4 66. Rf1+ Ke5
67. Kg2 Rc2+ 68. Rf2 d4 69. Bf4+ Kf5 70. Bb8+ Kg6 71. Kg3 Kxh6 72. Rf3 Rxb2 73.
Be5 Re2 74. Bxd4 b2 75. Rf1 Kg6 76. Kf3 Rh2 77. Rb1 Kf5 78. Rxb2 Rxb2 79. Bxb2
Rxa7 80. Bc1 Ra1 81. Bb2 Rb1 82. Bd4 Rb3+ 83. Be3 Rc3 84. Ke2 Ke4 85. Bf2 Rc2+
86. Ke1 Rb2 87. Bg1 Ra2 88. Bf2 Rc2 89. Bg1 Kd3 90. Bb6 Ra2 91. Bc5 Rb2 92. Bg1
Ke4 93. Bf2 Ra2 94. Bg1 Kf3 95. Bd4 Rh2 96. Bc3 Ke3 97. Kf1 Rf2+ 98. Kg1 Kf3
99. Be1 Rg2+ 100. Kh1 Rc2 101. Bb4 Ke3 102. Ba3 Kd4 103. Bd6 Kd5 104. Bf4 Ke4
105. Bg3 Rd2 106. Bh2 Kf3 107. Bg1 Rc2 108. Bd4 Rg2 109. Be3 Ra2 110. Bg1 Rd2
111. Bc5 Kg3 112. Bg1 Rc2 113. Bd4 Kf4 114. Bb6 Ke4 115. Ba5 Kd5 116. Bb4 Ke5
117. Ba3 Re2 118. Bb4 Ke4 119. Bc3 Re3 120. Bd2 Rd3 121. Bb4 Rb3 122. Ba5 Ra3
123. Bb4 Ra4 124. Bc3 Rc4 125. Bd2 Kd3 126. Ba5 Rc2 127. Bb6 Re2 128. Bc5 Ra2
129. Bb4 Re2 130. Ba3 {Game drawn by the 50 move rule} 1/2-1/2

[Event "ICS Rated blitz match"]
[Site "207.99.83.227"]
[Date "1999.04.29"]
[Round "?"]
[White "JudgeTurpin"]
[Black "Hossa"]
[Result "1-0"]
[WhiteElo "2655"]
[BlackElo "2512"]
[PlyCount "129"]

1. Nf3 c5 2. b3 Nc6 3. Bb2 Nf6 4. c4 e6 5. g3 d5 6. Bg2 Bd6 7. Nc3 dxc4 8. bxc4
O-O 9. O-O Ne5 10. Nxe5 Bxe5 11. d3 Qd4 12. Rb1 Qd8 13. Qd2 Qa5 14. f4 Bc7 15.
Rbd1 Ng4 16. h3 Nh6 17. Nb5 Qxd2 18. Rxd2 Ba5 19. Rdd1 Nf5 20. Kf2 a6 21. Nc3
Ra7 22. g4 Nh4 23. Be4 f5 24. gxf5 Nxf5 25. Na4 b6 26. Be5 Bd7 27. Nb2 Be8 28.
Rb1 Raf7 29. Rg1 Bd7 30. Nd1 Nd4 31. e3 Nc2 32. Rb2 Ba4 33. Nc3 Bxc3 34. Bxc3
b5 35. Rc1 b4 36. Be5 Na3 37. d4 Rc8 38. Ke2 cxd4 39. Rxb4 Bb5 40. Bd3 Rd7 41.
exd4 Rb7 42. Kd2 Bc6 43. Rxb7 Bxb7 44. Rc3 Nxc4+ 45. Bxc4 Re8 46. Rb3 Bd5 47.
Bxd5 exd5 48. Rb7 g6 49. Rg7+ Kf8 50. Rxh7 Re6 51. Rd7 Rb6 52. Kc3 Rb5 53. Bd6+
Ke8 54. Re7+ Kf8 55. Ra7+ Kg8 56. Rxa6 Rb1 57. Be5 Rg1 58. Kb4 Kf7 59. Kc5 Rh1
60. Kxd5 Rxh3 61. Ra7+ Kg8 62. Ke6 Ra3 63. Rxa3 g5 64. Rh3 gxf4 65. Rh8# {
Hossa checkmated} 1-0

[Event "ICS Rated blitz match"]
[Site "207.99.83.227"]
[Date "1999.04.29"]
[Round "?"]
[White "Hossa"]
[Black "JudgeTurpin"]
[Result "0-1"]
[WhiteElo "2502"]
[BlackElo "2665"]
[PlyCount "59"]

1. d3 g6 2. e4 Bg7 3. Be2 d6 4. Nf3 f5 5. O-O Nc6 6. exf5 Bxf5 7. Nh4 Bd7 8. c3
e5 9. Nf3 Nge7 10. Nbd2 O-O 11. Qb3+ Kh8 12. Qxb7 a5 13. Ne4 Rb8 14. Qa6 d5 15.
d4 dxe4 16. Nxe5 Bxe5 17. dxe5 Be6 18. Rd1 Qe8 19. Bb5 Qf7 20. Bxc6 Qxf2+ 21.
Kh1 Rb6 22. Bb7 Rxa6 23. Bxa6 e3 24. Rg1 Bd5 25. b3 Rf5 26. Bxe3 Qxe3 27. c4
Rh5 28. Bc8 Qg3 29. Bh3 Qxh3 30. Rgf1 {Hossa resigns} 0-1

[Event "ICS Rated blitz match"]
[Site "207.99.83.227"]
[Date "1999.04.29"]
[Round "?"]
[White "Amateur"]
[Black "Hossa"]
[Result "0-1"]
[WhiteElo "2439"]
[BlackElo "2493"]
[PlyCount "132"]

1. e4 c5 2. Nf3 Nc6 3. d4 cxd4 4. Nxd4 g6 5. Nc3 Bg7 6. Be3 Nf6 7. Nxc6 bxc6 8.
e5 Ng8 9. Bd4 Qa5 10. e6 Nf6 11. exf7+ Kxf7 12. Qd3 e5 13. Qc4+ d5 14. Qc5 Qxc5
15. Bxc5 Be6 16. Be2 Rhb8 17. Na4 Ne4 18. Ba3 Bf5 19. g4 Bc8 20. f3 Ng5 21. h4
Ne6 22. Bd6 Rb7 23. O-O-O Nd4 24. Rh2 Kg8 25. Rg1 Rf7 26. Rg3 Bh6+ 27. g5 Bg7
28. Bc5 Nxe2+ 29. Rxe2 Rf4 30. Nc3 Rxh4 31. Bd6 Rh1+ 32. Nd1 Ba6 33. Rd2 Bc4
34. b3 Bb5 35. Rf2 h5 36. Rd2 Rd8 37. Bc7 Rd7 38. Bb8 Rf7 39. a4 Ba6 40. a5 Bb5
41. Rgg2 a6 42. Rdf2 Bf1 43. Rg3 Bh3 44. f4 Bg4 45. Rd2 Rxf4 46. c3 Rff1 47.
Rxg4 hxg4 48. Kc2 g3 49. Ne3 Rf2 50. Ba7 Rhh2 51. Rxf2 Rxf2+ 52. Kd1 e4 53.
Nxd5 cxd5 54. Bxf2 gxf2 55. Ke2 e3 56. b4 Bxc3 57. b5 axb5 58. a6 Bd4 59. Kf1
Bc5 60. a7 Bxa7 61. Ke2 d4 62. Kd3 f1=Q+ 63. Kc2 e2 64. Kb2 Qf2 65. Kb3 e1=Q
66. Ka3 66... Qc3# {Amateur checkmated} 0-1

[Event "ICS rated blitz match"]
[Site "207.99.83.227"]
[Date "1999.04.29"]
[Round "?"]
[White "Hossa"]
[Black "Amateur"]
[Result "0-1"]
[WhiteElo "2507"]
[BlackElo "2425"]
[PlyCount "130"]

1. Nf3 c5 2. b3 Nf6 3. e3 e6 4. Bb5 Bd6 5. O-O O-O 6. d4 a6 7. Bd3 Nc6 8. Ba3
Nb4 9. c3 Nxd3 10. Qxd3 b6 11. e4 Be7 12. e5 Nd5 13. c4 Nb4 14. Qe4 Rb8 15.
Bxb4 cxb4 16. Qf4 b5 17. c5 Bb7 18. a3 Qa5 19. Qd2 Bxf3 20. gxf3 f6 21. Qxb4
Qc7 22. f4 fxe5 23. fxe5 Rf4 24. Nd2 Rbf8 25. Qc3 Qc6 26. f3 Qd5 27. Rae1 Rxd4
28. Ne4 Rd3 29. Qc2 Rfxf3 30. Rxf3 Rxf3 31. Rd1 Qxe5 32. Rxd7 Bxc5+ 33. Kg2 Rf4
34. Rd8+ Kf7 35. Rc8 Bb6 36. Ng3 Rf2+ 37. Qxf2+ Bxf2 38. Kxf2 Qd4+ 39. Ke1 Qa1+
40. Kf2 Qxa3 41. Rc3 Qb2+ 42. Ne2 a5 43. Rf3+ Kg6 44. Re3 e5 45. Rg3+ Kf6 46.
Rf3+ Ke6 47. Re3 a4 48. bxa4 bxa4 49. Kf3 a3 50. Nf4+ Kd6 51. Nd3 Qb7+ 52. Kg3
a2 53. Re1 Qb3 54. Kg2 Qd5+ 55. Kg1 Qxd3 56. Kh1 Qd5+ 57. Kg1 Qd4+ 58. Kf1 e4
59. h3 e3 60. Kg1 Qd2 61. Rf1 e2 62. Re1 Qxe1+ 63. Kg2 Qh4 64. Kf3 e1=Q 65. Kg2
65... Qhg3# {Hossa checkmated} 0-1

[Event "ICS Rated blitz match"]
[Site "207.99.83.227"]
[Date "1999.04.29"]
[Round "?"]
[White "xypher"]
[Black "Hossa"]
[Result "1-0"]
[WhiteElo "2707"]
[BlackElo "2487"]
[PlyCount "141"]

1. d4 Nf6 2. c4 g6 3. Nc3 d5 4. cxd5 Nxd5 5. e4 Nxc3 6. bxc3 Bg7 7. Nf3 O-O 8.
Ba3 Nd7 9. Bc4 Nb6 10. Bb3 a5 11. Ne5 a4 12. Bc2 f6 13. Ng4 Nc4 14. Bb4 f5 15.
Qe2 Nd6 16. exf5 Bxf5 17. Bxf5 Nxf5 18. O-O Qd7 19. Ne5 Qd5 20. Rfe1 Ra6 21.
Nd3 Qc4 22. Nc5 Qxe2 23. Rxe2 Rc6 24. Nxa4 b6 25. g4 Nh4 26. Rxe7 Rf4 27. h3
Nf3+ 28. Kh1 g5 29. Re8+ Kf7 30. Re7+ Kg8 31. Kg2 Nh4+ 32. Kg1 Nf3+ 33. Kf1 Bf6
34. Re3 Nxd4 35. cxd4 Bxd4 36. Re8+ Kg7 37. Rd1 Rxf2+ 38. Ke1 Rxa2 39. Rxd4
Rc1+ 40. Rd1 Rxd1+ 41. Kxd1 Rxa4 42. Bc3+ Kf7 43. Rh8 c6 44. Rxh7+ Kg6 45. Rg7+
Kh6 46. Rd7 c5 47. Rd6+ Kh7 48. Rxb6 Ra3 49. Kc2 Ra2+ 50. Bb2 c4 51. Kc3 Ra7
52. Kxc4 Ra4+ 53. Kc5 Ra8 54. Kd5 Ra5+ 55. Ke4 Rc5 56. Be5 Rc8 57. Kf5 Ra8 58.
Kxg5 Ra5 59. Kf5 Ra2 60. g5 Rf2+ 61. Bf4 Kg7 62. g6 Rf1 63. h4 Kf8 64. h5 Ke7
65. Rb7+ Kd8 66. g7 Rg1 67. Ke6 Re1+ 68. Be5 Rxe5+ 69. Kxe5 Kc8 70. Rf7 Kd8 71.
g8=Q# {Hossa checkmated} 1-0

[Event "ICS Rated blitz match"]
[Site "207.99.83.227"]
[Date "1999.04.29"]
[Round "?"]
[White "Hossa"]
[Black "JudgeTurpin"]
[Result "1-0"]
[WhiteElo "2480"]
[BlackElo "2674"]
[PlyCount "131"]

1. e4 e5 2. Nf3 Nc6 3. Bb5 a6 4. Ba4 Nf6 5. O-O b5 6. Bb3 Be7 7. Ng5 O-O 8. f4
d5 9. fxe5 Bc5+ 10. Kh1 Nxe4 11. Nxe4 dxe4 12. Nc3 Nxe5 13. Nxe4 Bg4 14. Qe1
Bb6 15. Nf2 Qd4 16. c3 Qd6 17. Nxg4 Nxg4 18. Qh4 Qd3 19. Rf3 Qe2 20. d4 Rae8
21. Bg5 Ne3 22. Rf2 Qg4 23. Qxg4 Nxg4 24. Rf3 h6 25. Raf1 hxg5 26. Rxf7 Rxf7
27. Bxf7+ Kf8 28. Bxe8+ Kxe8 29. Rf5 b4 30. Rxg5 Nf2+ 31. Kg1 Nd1 32. Rxg7 Nxb2
33. Kf1 bxc3 34. Ke2 c6 35. Rg6 Kd7 36. Rg4 Nc4 37. Kd3 c2 38. Rg7+ Ke6 39.
Kxc2 Bxd4 40. Rg6+ Kd5 41. h4 Be3 42. g4 Bf2 43. h5 Ne5 44. Rg7 Be3 45. g5 Ke6
46. h6 Nf7 47. h7 Bd4 48. Rg8 Ba1 49. g6 Ng5 50. g7 Bxg7 51. Rxg7 Nxh7 52. Rxh7
Kd5 53. Ra7 Kd4 54. Rxa6 Kc5 55. Kc3 Kb5 56. Ra3 Kb6 57. Kc4 Kc7 58. Rd3 Kb6
59. Rd6 Kb7 60. Kc5 Kc7 61. Rd2 Kb7 62. Rd7+ Kc8 63. Kxc6 Kb8 64. Re7 Ka8 65.
Kb6 Kb8 66. Re8# {JudgeTurpin checkmated} 1-0

[Event "ICS Rated blitz match"]
[Site "207.99.83.227"]
[Date "1999.04.29"]
[Round "?"]
[White "JudgeTurpin"]
[Black "Hossa"]
[Result "1-0"]
[WhiteElo "2650"]
[BlackElo "2504"]
[PlyCount "245"]

1. Nf3 Nf6 2. g3 Nc6 3. d4 e6 4. c3 d5 5. Bg2 Bd6 6. O-O O-O 7. Qd3 e5 8. dxe5
Nxe5 9. Nxe5 Bxe5 10. Bg5 c6 11. Nd2 Qe7 12. f4 Bc7 13. e4 Qc5+ 14. Kh1 Ng4 15.
exd5 cxd5 16. Qe2 Ne3 17. Rfe1 Nxg2 18. Be7 Qc6 19. Qxg2 Re8 20. Nb3 Bg4 21.
Nd4 Qd7 22. Bc5 a5 23. Rac1 Rac8 24. Qf2 Re4 25. Nc2 Qc6 26. Bd4 Rce8 27. Ne3
Qe6 28. Qf1 a4 29. Qb5 Qd7 30. Qxd7 Bxd7 31. Kg2 Bd6 32. Kf3 a3 33. bxa3 Bxa3
34. Rb1 Bc6 35. h4 b5 36. Kf2 Bf8 37. Red1 h5 38. f5 Bd6 39. Rd3 Ra8 40. Rb2
Rf8 41. f6 gxf6 42. Nf5 Ba3 43. Rb3 Ra8 44. Rd2 Re6 45. Re2 Rxe2+ 46. Kxe2 Bf8
47. Rb2 Ra6 48. Kf3 Kh7 49. Ne3 Kg6 50. Ng2 Bd6 51. Nf4+ Bxf4 52. Kxf4 Bd7 53.
Be3 Re6 54. Kf3 Re4 55. Ke2 Rg4 56. Bf4 Bc6 57. Kd3 Kf5 58. Rf2 Rg6 59. Kd4 Ke6
60. Re2+ Kd7 61. Kc5 Rg8 62. Bd6 Rc8 63. Re7+ Kd8 64. Kd4 Ra8 65. a3 Ra4+ 66.
Kd3 Be8 67. Rb7 Re4 68. Bc5 f5 69. Bd6 Re6 70. Bf4 Ra6 71. Be5 Bd7 72. Kd4 Ke8
73. Kc5 f6 74. Bd4 Kd8 75. Rb8+ Kc7 76. Rf8 Rc6+ 77. Kb4 Rc4+ 78. Kb3 Be6 79.
Rh8 f4 80. gxf4 Bg4 81. Bxf6 Kc6 82. Bd4 Ra4 83. f5 Bxf5 84. Rxh5 Bd3 85. Rh8
Bc4+ 86. Kb2 Kd7 87. h5 Ra6 88. Rh7+ Ke8 89. h6 Re6 90. Bc5 Re2+ 91. Kc1 Bd3
92. Rc7 Rc2+ 93. Kd1 Rxc3 94. Kd2 d4 95. Re7+ Kd8 96. Rf7 Rxc5 97. Kxd3 Rc3+
98. Kxd4 Rc4+ 99. Kd5 Rh4 100. h7 Rh5+ 101. Kc6 Rh6+ 102. Kxb5 Rh5+ 103. Kc6
Rh6+ 104. Kd5 Rh5+ 105. Ke4 Ke8 106. Rb7 Rh4+ 107. Kf5 Rh3 108. Kf6 Rf3+ 109.
Ke6 Re3+ 110. Kd5 Rh3 111. h8=Q+ Rxh8 112. Rb8+ Kf7 113. Rxh8 Kg7 114. Rb8 Kf6
115. a4 Kg6 116. a5 Kh6 117. a6 Kg5 118. Rg8+ Kf5 119. a7 Kf4 120. a8=Q Ke3
121. Rg2 Kf3 122. Ke5+ Ke3 123. Qe4# {Hossa checkmated} 1-0

[Event "ICS Rated blitz match"]
[Site "207.99.83.227"]
[Date "1999.04.29"]
[Round "?"]
[White "Hossa"]
[Black "JudgeTurpin"]
[Result "1/2-1/2"]
[WhiteElo "2494"]
[BlackElo "2660"]
[PlyCount "152"]

1. d4 d5 2. e3 e6 3. Nf3 Nf6 4. Nbd2 c5 5. Be2 c4 6. b3 c3 7. Nb1 Ne4 8. O-O
Nc6 9. Ne5 Nxe5 10. dxe5 Bb4 11. f3 Nd2 12. Nxd2 cxd2 13. Bxd2 Ba3 14. Rb1 Qc7
15. f4 O-O 16. b4 a5 17. bxa5 Bd7 18. Bd3 Ba4 19. Qh5 h6 20. Rf2 Rfb8 21. Be1
Bc5 22. Re2 Rd8 23. Bd2 Bc6 24. Rf2 Be7 25. Rf3 Kf8 26. a6 bxa6 27. Rg3 Rab8
28. Rxb8 Qxb8 29. Qg4 Qb1+ 30. Kf2 Ke8 31. f5 exf5 32. Qxg7 Bh4 33. Qxh6 Bxg3+
34. Kxg3 Bd7 35. Qh8+ Ke7 36. Qf6+ Ke8 37. a3 Rb8 38. Bxa6 Be6 39. Bb4 Rxb4 40.
axb4 Qxb4 41. Qh8+ Ke7 42. Qh4+ Qxh4+ 43. Kxh4 f6 44. exf6+ Kxf6 45. Kg3 Ke5
46. Kf2 d4 47. exd4+ Kxd4 48. g3 Bd5 49. h4 Bc6 50. c3+ Kxc3 51. Bc8 Kd4 52.
Bxf5 Be8 53. g4 Ke5 54. Bc8 Kf4 55. Be6 Bf7 56. Bd7 Be8 57. Bc8 Bg6 58. g5 Bd3
59. Bd7 Be4 60. Be6 Bb1 61. Kg2 Be4+ 62. Kh2 Bc2 63. Bd7 Be4 64. Kh3 Bc2 65.
Kg2 Bd3 66. Bc8 Bh7 67. Kg1 Bc2 68. Kh2 Bd3 69. Bh3 Be4 70. Kg1 Kg3 71. h5 Kh4
72. g6 Kxh5 73. g7 Bh7 74. Bf5 Kh6 75. Bxh7 Kxh7 76. g8=Q+ 76... Kxg8 {
Game drawn because neither player has mating material} 1/2-1/2

[Event "ICS rated blitz match"]
[Site "207.99.83.227"]
[Date "1999.04.29"]
[Round "?"]
[White "Hossa"]
[Black "SuperChicken"]
[Result "0-1"]
[WhiteElo "2501"]
[BlackElo "2741"]
[PlyCount "69"]

1. Nf3 d5 2. d4 Nf6 3. c4 dxc4 4. e3 b5 5. a4 b4 6. Bxc4 e6 7. Bd2 Bd6 8. Qb3
Qe7 9. O-O O-O 10. Qc2 Bb7 11. Bd3 Bxf3 12. gxf3 c5 13. dxc5 Bxc5 14. Be1 Nbd7
15. Nd2 Ne5 16. Be2 Rac8 17. Rc1 Nd5 18. Kh1 Nd7 19. Ne4 Qh4 20. Qd1 Rfd8 21.
Bb5 N5b6 22. Bxb4 Bxb4 23. Rxc8 Nxc8 24. Bxd7 Nb6 25. Qb3 Qh3 26. Ng3 Bd6 27.
Bxe6 fxe6 28. Rd1 Bxg3 29. Qxe6+ Qxe6 30. Rxd8+ Kf7 31. hxg3 Qf6 32. Rd4 Qxf3+
33. Kg1 Nd5 34. b3 Ke6 35. Rd3 {Hossa resigns} 0-1

[Event "ICS rated blitz match"]
[Site "207.99.83.227"]
[Date "1999.04.29"]
[Round "?"]
[White "claudi"]
[Black "Hossa"]
[Result "1-0"]
[WhiteElo "2417"]
[BlackElo "2486"]
[PlyCount "50"]

1. d4 Nf6 2. Nf3 e6 3. Bf4 Be7 4. Nbd2 Nh5 5. Be3 O-O 6. g3 f5 7. c3 f4 8. gxf4
Nxf4 9. Qc2 Nd5 10. O-O-O Nxe3 11. fxe3 c5 12. Bh3 Qa5 13. Kb1 Qa6 14. Ne4 cxd4
15. exd4 Nc6 16. Rhg1 Qc4 17. Neg5 Rf5 18. Bxf5 exf5 19. Qxf5 Bxg5 20. Nxg5 Ne5
21. Qxh7+ Kf8 22. dxe5 Ke7 23. Qxg7+ Kd8 24. Qf8+ Kc7 25. Qd6+ 25... Kd8 {
Hossa resigns} 1-0

[Event "ICS rated blitz match"]
[Site "207.99.83.227"]
[Date "1999.04.29"]
[Round "?"]
[White "Hossa"]
[Black "claudi"]
[Result "1-0"]
[WhiteElo "2467"]
[BlackElo "2436"]
[PlyCount "39"]

1. e4 g6 2. Nf3 Bg7 3. d4 c6 4. Be2 d6 5. O-O Nd7 6. Bf4 e5 7. dxe5 dxe5 8. Bg3
Ne7 9. Qd6 f6 10. Rd1 Qb6 11. b4 Nf8 12. Nc3 Be6 13. Na4 Qd8 14. Nc5 Qxd6 15.
Rxd6 Bc8 16. Rad1 b6 17. Bc4 Bg4 18. Na6 Rc8 19. Nc7+ Rxc7 20. Rd8# {
claudi checkmated} 1-0

[Event "ICS Rated blitz match"]
[Site "207.99.83.227"]
[Date "1999.04.29"]
[Round "?"]
[White "Hossa"]
[Black "sombra"]
[Result "1-0"]
[WhiteElo "2482"]
[BlackElo "2497"]
[PlyCount "163"]

1. e4 d6 2. d4 Nf6 3. Nc3 c6 4. Nf3 Bg4 5. Be2 e6 6. O-O Be7 7. e5 Nd5 8. exd6
Bxd6 9. Ne4 Be7 10. h3 Bh5 11. Ng3 Bxf3 12. Bxf3 O-O 13. c4 Nf6 14. Be3 Nbd7
15. Qe2 Qc7 16. Rae1 Rfe8 17. Ne4 Nxe4 18. Bxe4 Nf6 19. Bc2 c5 20. Rd1 cxd4 21.
Bxd4 Rad8 22. Be5 Qc6 23. Bd3 Nd7 24. Qh5 g6 25. Qe2 Nxe5 26. Qxe5 Bd6 27. Qg5
Be7 28. Qe3 Bc5 29. Qf4 Bd6 30. Qf6 Be7 31. Qc3 Bf8 32. Qa5 Qc5 33. Qxc5 Bxc5
34. Be4 b6 35. Bc6 Rf8 36. a4 a5 37. Bb5 Kg7 38. h4 h6 39. g3 f5 40. Rde1 Kf6
41. Kg2 e5 42. Re2 Bd4 43. Rd2 Bc5 44. Rd5 Rd6 45. Rxd6+ Bxd6 46. Kf3 Rd8 47.
Rd1 e4+ 48. Ke2 Be7 49. Rxd8 Bxd8 50. Bc6 Be7 51. Kf1 g5 52. h5 Ke5 53. Ke2 Bc5
54. Be8 f4 55. Bc6 f3+ 56. Ke1 Kd4 57. Kf1 e3 58. Bxf3 exf2 59. Kxf2 Kxc4+ 60.
Ke2 Kb3 61. Bc6 Kxb2 62. Kd3 Kb3 63. Bb5 Kb4 64. Ke4 Bf2 65. g4 Kc5 66. Kf5 Kd6
67. Kg6 Ke7 68. Kxh6 Kf6 69. Kh7 Kf7 70. Bc4+ Kf8 71. h6 Be3 72. Kg6 Ke7 73.
Kg7 Bd4+ 74. Kg8 Be3 75. Bb5 Kf6 76. h7 Ke5 77. h8=Q+ Kf4 78. Qf6+ Kxg4 79.
Be2+ Kg3 80. Qf3+ Kh2 81. Bf1 Kg1 82. Qg2# {sombra checkmated} 1-0